riverdale - Statistics

General Stats
  • This quiz has been taken 198 times
  • The average score is 8 of 14
Answer Stats
Hint Answer % Correct
who is polly in love with jason
97%
what is the best gang in riverdale southside
86%
who is jug heads girlfreand betty cooper
78%
who is the most hot jug head
76%
is archie hotter than jughead no
64%
who is the new girl in season 1 veronica
60%
what is the boys name that died in season 1 jason
59%
who is bettys sister polly
58%
witch is better blackhood or hiram blackhood
57%
is veggie a thing yes
56%
do most people hate hall yes
52%
who is the villan in season 2 blackhood
51%
what is one of pollys twins names dagwood
38%
who is the most hatted hiram louge
2%
No matching quizzes found
Score Distribution
Percent of People with Each Score
Percentile by Number Answered
Your Score History
You have not taken this quiz